| 000 | 00510nam a22001937a 4500 | ||
|---|---|---|---|
| 003 | OSt | ||
| 005 | 20140310184507.0 | ||
| 008 | 131012t xxu||||| |||| 00| 0 eng d | ||
| 020 | _a9780439733847 | ||
| 050 |
_aPZ 7 _b.V434Nf 2005 |
||
| 100 |
_aVelasquez, Crystal _924716 |
||
| 245 |
_aNeighborhood friends / _cCrystal Velasquez |
||
| 260 |
_aNew York : _bScholastic Inc., _cc2005. |
||
| 300 |
_a93 p. : _bill. ; _c19 cm. |
||
| 521 | _aG4 | ||
| 526 | _c600 | ||
| 942 |
_2lcc _cBK-SCHOLAS |
||
| 999 |
_c34847 _d34847 |
||